000 01790cam a22004697a 4500
001 000094770
003 CHAP
005 20250424133704.0
008 051027d2005 mx ad r 00110 spa d
010 _a91236
011 _a92208
035 _a102772
040 _cCHAP
090 _aTesis
100 1 0 _aOrtega Montiel, Pablo
_983837
245 1 0 _aModelo de sistemas de producción de frío por compresión mecánica aplicados a la agroindustria /
_c/por Pablo Ortega Montiel.
260 _aChapingo, Méx. :
_bEl autor,
_c2005.
300 _a99 h. :
_bilus. ; gráfs. ; cuadros ; diagrama.
502 _aTesis (Ing. Agroindustrial) -- UACH. Departamento de Ingeniería Agroindustrial
590 _aALEPH
_b10
_c20130110
_lUCH01
_h1507
590 _aBATCH-UPD
_b10
_c20130110
_lUCH01
_h0821
590 _aBATCH-UPD
_b10
_c20130410
_lUCH01
_h0459
590 _aBATCH-UPD
_b10
_c20130914
_lUCH01
_h1437
590 _aBATCH-UPD
_b10
_c20140324
_lUCH01
_h1452
590 _aBATCH-UPD
_b10
_c20141002
_lUCH01
_h0827
590 _aCONVERSION
_b10
_c20130109
_lUCH01
_h1351
590 _aE11695DGD
_b10
_c20130826
_lUCH01
_h1118
590 _aE792CSJ
_b10
_c20130619
_lUCH01
_h0937
650 1 4 _aFrigoríficos.
_943317
650 1 4 _aFrío.
_943523
650 1 4 _aRefrigeración.
_995611
650 1 4 _aRefrigerantes.
_995615
856 _3Finding aid
_uhttp://10.13.5.2/tesis/102772.pdf
_zTeclea aquí
901 _aBK
905 _aMarco A. Mendoza T.
942 _cCD
942 _n0
949 _aTesis
_bBC
_cTES
_d1027721
_eTS1
_gDonaciØn
_h44273
_i102772
_sb
949 _aTesis
_bBC
_cTES
_d33724000967022
_eTS2
_fc.2
_gDonaciØn
_h44274
_i102772
_si
949 _aTesis
_bBC
_cTES
_d33724002025058
_eCD
_fCD
_gDonaciØn
_i102772
_sb
949 _aTesis
_bBC
_cTES
_d33724002025173
_eCD
_fc.2 CD
_gDonaciØn
_i102772
_sb
999 _c91236
_d91236